书目信息 |
| 题名: |
教育的公正与利益
|
|
| 作者: | 孙霄兵 , 孟庆瑜 编著 | |
| 分册: | ||
| 出版信息: | 上海 华东师范大学出版社 2005 |
|
| 页数: | 301页 | |
| 开本: | 24cm | |
| 丛书名: | ||
| 单 册: | ||
| 中图分类: | G510 | |
| 科图分类: | ||
| 主题词: | 教育 , 经济政策 , 教育--经济政策--研究--世界 | |
| 电子资源: | ||
| ISBN: | 7-5617-4018-2 | |
| 000 | 00949nam0 2200265 450 | |
| 001 | 002869812 | |
| 005 | 20061107084911.04 | |
| 010 | @a7-5617-4018-2@dCNY35.00 | |
| 100 | @a20050410d2005 em y0chiy0110 ea | |
| 101 | 0 | @achi |
| 102 | @aCN@b310000 | |
| 105 | @ay z 000yy | |
| 200 | 1 | @a教育的公正与利益@9jiao yu de gong zheng yu li yi@e中外教育经济政策研究@f孙霄兵,孟庆瑜编著 |
| 210 | @a上海@c华东师范大学出版社@d2005 | |
| 215 | @a301页@d24cm | |
| 330 | @a本书内容包括:教育经济政策的理论基础、教育财政制度、义务教育财政制度、教育收费与资助制度、教育税收制度、教育投融资制度、教育捐赠、教育经营。 | |
| 517 | 1 | @a中外教育经济政策研究@9zhong wai jiao yu jing ji zheng ce yan jiu |
| 606 | 0 | @a教育 |
| 606 | 0 | @a经济政策 |
| 606 | 0 | @a教育@x经济政策@x研究@y世界 |
| 690 | @aG510@v4 | |
| 701 | 0 | @a孙霄兵@9sun xiao bing@f(1956.11~)@4编著 |
| 701 | 0 | @a孟庆瑜@9qing yu@c(教育)@4编著 |
| 801 | 0 | @aCN@bNLC@c20061107 |
| 905 | @a10447@dG510@e52 | |
| 教育的公正与利益:中外教育经济政策研究/孙霄兵,孟庆瑜编著.-上海:华东师范大学出版社,2005 |
| 301页;24cm |
| ISBN 7-5617-4018-2:CNY35.00 |
| 本书内容包括:教育经济政策的理论基础、教育财政制度、义务教育财政制度、教育收费与资助制度、教育税收制度、教育投融资制度、教育捐赠、教育经营。 |
| ● |
| 相关链接 |
|
|
|
|
正题名:教育的公正与利益
索取号:G510/52
 
预约/预借
| 序号 | 登录号 | 条形码 | 馆藏地/架位号 | 状态 | 备注 |
| 1 | 0382084 | 203820847 | 第一样本阅览室/ [索取号:G510/52] | 在馆 | |
| 2 | 0382085 | 203820856 | 第四借阅区/ [索取号:G510/52] | 在馆 | |
| 3 | 0382086 | 203820865 | 第四借阅区/ [索取号:G510/52] | 在馆 | |
| 4 | 0382087 | 203820874 | 第四借阅区/ [索取号:G510/52] | 在馆 | |
| 5 | 0382088 | 203820883 | 第四借阅区/ [索取号:G510/52] | 在馆 |